000 01690 a2200337 4500
003 Nust
005 20170207154042.0
010 _a 2008032612
020 _a0313356149 (alk. paper)
020 _a031335670X ((pbk.) : alk. paper)
020 _a9780313356148 (alk. paper)
020 _a9780313356704 ((pbk.) : alk. paper)
035 _a(OCoLC)233543973
035 _a(OCoLC)ocn233543973
040 _cNust
082 0 0 _a658.3
100 1 _aCaruth, Donald L.
245 1 0 _aStaffing the contemporary organization :a guide to planning, recruiting, and selecting for human resource professionals -(E-BOOK)
_cDonald L. Caruth, Gail D. Caruth, and Stephanie S. Pane.
250 _a3rd ed.
260 _aWestport, Conn. :
_bPraeger Publishers,
_c2009.
300 _axiii, 335 p. :
_bill. ;
_c25 cm.
505 0 _aStaffing : an overview (Page-1) Staffing legislation and regulation (Page-19) Significant federal court decisions (Page-45) EEOC compliance and affirmative action programs (Page-72) Job analysis (Page-96) Human resource planning (Page-116) The recruiting process (Page-135) The selecting process (Page-159) Selection tests(Page-185) Employment interviewing (Page-204) Performance appraisal (Page-229) Career planning and development (Page-260) Staffing system administration (Page-269) Evaluating the staffing function. (Page-306)
650 0 _aEmployee selection.
650 0 _aEmployees
_xRecruiting.
650 0 _aManpower planning.
650 0 _aPersonnel management.
651 _aE-BOOK
700 1 _aCaruth, Gail D.,
_d1954-
700 1 _aPane, Stephanie S.,
_d1976-
856 4 1 _3Table of contents only
_uhttp://www.loc.gov/catdir/toc/ecip0824/2008032612.html
942 _2ddc
_cBK
999 _c192682
_d192682